[Event "Swiss-Ch 2017"]
[Site "Graechen"]
[Date "2017.07.19"]
[Round "7"]
[White "Raetsky, Alexander"]
[Black "Gaehwiler, Gabriel"]
[Result "1/2-1/2"]
[WhiteElo "2385"]
[BlackElo "2416"]
[Annotator "TA"]
[PlyCount "28"]
[EventDate "2017.??.??"]
[EventCountry "SUI"]
[SourceTitle "playchess.com"]
[Source "ChessBase"]
[SourceQuality "1"]

1. e4 {Program Activation Required} c5 2. c3 g6 3. d4 cxd4 4. cxd4 d5 5. e5 Bg7 6. Nf3 Nc6 7. Bb5 {B27: Sicilian: 2 Nf3, unusual Black 2nd moves} Nh6 (7... Bd7 8. Nc3 a6 9. Bxc6 Bxc6 10. O-O e6 11. Bg5 Qd7 12. Qd2 h6 13. Bh4 g5 14. Bg3 Ne7 {1-0 (53) Nepomniachtchi,I (2705)-Zvjaginsev,V (2660) Moscow 2015}) 8. h3 O-O 9. O-O f6 10. exf6 exf6 11. Nc3 Be6 12. Bf4 Nf5 13. Re1 Bf7 {[#]} {NOTEXT:} 14. Bxc6 $146 bxc6 {1-0 (26) Burg,T (2517)-Cruz Alvarez de Ron,D (2222) Lisbon 2014} 1/2-1/2

[Event "Swiss-Ch 2017"]
[Site "Graechen"]
[Date "2017.07.19"]
[Round "7"]
[White "Arcuti, Davide"]
[Black "Loetscher, Roland"]
[Result "1-0"]
[WhiteElo "2342"]
[BlackElo "2433"]
[Annotator "TA"]
[PlyCount "142"]
[EventDate "2017.??.??"]
[EventCountry "SUI"]
[SourceTitle "playchess.com"]
[Source "ChessBase"]
[SourceQuality "1"]

{[%evp 13,142,24,39,35,34,0,2,0,33,16,22,20,65,3,17,16,4,15,9,15,20,0,0,0,0,0,25,-22,0,0,0,-4,0,0,0,0,0,0,115,118,102,143,129,131,284,290,283,278,219,218,333,327,531,210,279,173,155,151,166,115,264,261,204,143,135,121,93,0,0,0,92,121,300,288,403,403,403,403,400,331,403,395,1437,1262,1259,1162,29946,12798,29950,10749,29954,12798,4598,1758,29966,11758,29973,29974,29982,29983,29983,29984,29984,29985,29985,29986,29986,29987,29987,29988,29988,29989,29989,29982,29982,29978,29977,29979,29979,29979,29979,29980,29980,29980,29980,29981,29981,29982,29982,29983,29996]} 1. d4 d5 2. c4 c6 3. Nf3 Nf6 4. e3 g6 5. Nc3 Bg7 6. Be2 O-O 7. O-O b6 8. a4 {D94: Grünfeld: 4 Nf3 Bg7 5 e3} (8. Bd2 Bb7 9. Rc1 e6 10. cxd5 exd5 11. Ne5 Ne8 12. b4 Nd7 13. Nxd7 Qxd7 14. b5 Nd6 15. Qb3 c5 16. dxc5 bxc5 17. Rfd1 d4 18. exd4 Bxd4 {0-1 (29) Stupak,K (2564)-Li,C (2720) Khanty-Mansiysk 2017}) 8... a5 9. Ne5 e6 10. b3 {The position is equal.} c5 $146 ({Find the theoretical novelty and annotate with similar games:} 10... Bb7 11. Ba3 Re8 12. b4 Nfd7 13. Nxd7 Nxd7 {½-½ (13) Olafsson,F-Petrosian,T Wijk aan Zee 1971}) 11. Ba3 Na6 12. Rc1 Re8 13. f4 (13. cxd5 $14 Nxd5 14. Nxd5 exd5 15. Bb5) 13... Bb7 14. cxd5 exd5 15. Bb5 Re6 $1 16. f5 Re7 17. g4 Bh6 18. Qf3 Nb4 19. fxg6 fxg6 20. Rcd1 (20. Qxf6 $2 Bxe3+ 21. Kh1 Bxd4 $17) (20. Kh1 $5 {[%cal Rf3f6]} Re6 21. Qh3 Rxe5 22. Qxh6 $14) 20... Qd6 21. Bc1 ({But not} 21. Qxf6 Bxe3+ 22. Kg2 Qxf6 $17) 21... Rf8 22. Qg3 $132 {[%mdl 2048] White is not keeping still} Bg7 23. g5 Nh5 $1 {[%cal Rh5g3]} 24. Rxf8+ Bxf8 25. Qf3 Rxe5 (25... Qd8 $11) 26. dxe5 $16 Qxe5 27. Rf1 {[%csl Gf1][%cal Rf3f8]} Qxg5+ 28. Kh1 {[%csl Gf1][%cal Rf3f8]} Qe7 $2 {[#]} (28... Qf5 $16 {might work better.}) 29. e4 $1 $18 {[%mdl 512]} Bg7 {...Bxc3 is the strong threat.} (29... dxe4 30. Bc4+) 30. Nxd5 Nxd5 31. exd5 Nf6 (31... Bf6 $142 32. Bh6 Qe5) 32. Bc4 Qd7 $2 (32... Qe4 {was necessary.} 33. Qxe4 Nxe4) 33. Rd1 $2 (33. Bb2 Ne8 34. Be5 $1 {[%mdl 512]}) 33... Ng4 34. d6+ Kh8 35. Bd5 Qxd6 {[%csl Gg4][%cal Rd6h2]} 36. Bf4 (36. Rd2 $1 $18 Bxd5 37. Qxd5) 36... Bxd5 (36... Nf2+ $16 {is a better defense.} 37. Kg1 Qxf4 38. Qxf4 Nh3+ 39. Kf1 Nxf4 40. Bxb7 Bd4) 37. Rxd5 (37. Bxd6 $2 {loses.} Bxf3+ 38. Kg1 Bxd1 $19) 37... Qe7 {[#]} 38. Rd7 $1 {[%mdl 1536] White has strong compensation.} Qe1+ (38... Qxd7 39. Qa8+) 39. Kg2 {Intending Qa8+ and mate.} h5 40. Rd8+ (40. h3 $16 Nf6 41. Rd6) 40... Kh7 $11 41. h3 Ne5 {[#]} (41... Qe7 $1 $11 {remains equal.} 42. Rb8 Nh6) 42. Qe3 $1 $16 {[%cal Re3e1]} Qxe3 $2 (42... Qa1 $16) 43. Bxe3 {[%mdl 4096] Endgame KRB-KBN} c4 44. bxc4 Nxc4 45. Bd4 Bxd4 46. Rxd4 $18 {KR-KN} Nb2 47. h4 g5 $2 (47... Kg7 48. Kf3 Kh7) 48. hxg5 Kg6 {[#]} 49. Rd5 $1 Nxa4 50. Kg3 Nc3 51. Re5 b5 52. Kh4 a4 53. Re6+ Kg7 54. Ra6 (54. Kxh5 $142 Nd5 55. Re5 Nf4+ 56. Kg4 Ng6 57. Rxb5 Kf7 58. Ra5 Ne7 59. Ra6) 54... b4 55. Kxh5 {White mates.} b3 56. Ra7+ Kf8 57. g6 b2 58. g7+ Kg8 59. Kh6 b1=Q 60. Ra8+ Kf7 61. g8=Q+ {KQR-KQN} Ke7 62. Qg5+ Kd7 63. Qd2+ Ke7 64. Ra7+ Ke6 65. Ra6+ Kf5 66. Ra5+ Ke6 67. Qxc3 Qh1+ 68. Rh5 Qe4 69. Qc8+ Ke7 70. Qf5 Qc6+ 71. Kg7 Qb7 {Precision: White = 71%, Black = 38%.} 1-0

[Event "Swiss-Ch 2017"]
[Site "Graechen"]
[Date "2017.07.20"]
[Round "8"]
[White "Pelletier, Yannick"]
[Black "Arcuti, Davide"]
[Result "1-0"]
[WhiteElo "2529"]
[BlackElo "2342"]
[Annotator "TA"]
[PlyCount "47"]
[EventDate "2017.??.??"]
[EventCountry "SUI"]
[SourceTitle "playchess.com"]
[Source "ChessBase"]
[SourceQuality "1"]

{[%evp 22,47,50,43,66,62,78,64,83,63,58,37,37,32,172,187,187,187,187,178,185,181,179,164,455,443,620,617]} 1. Nf3 Nf6 2. c4 c6 3. d4 d5 4. Qc2 e6 5. g3 Nbd7 6. Bg2 Be7 7. O-O O-O 8. b3 b6 9. Rd1 Bb7 10. Nc3 c5 11. cxd5 {E08: Closed Catalan: Main Line: 7 Qc2} exd5 (11... Nxd5 12. Nxd5 exd5 13. Bb2 Rc8 14. dxc5 Nxc5 15. Bh3 Ne6 16. Qd2 Re8 17. Rac1 Rxc1 18. Rxc1 Nc5 {1-0 (69) Postny,E (2635)-Nigalidze,G (2527) Yerevan 2014}) 12. Bb2 {LiveBook: 5 Games} Re8 13. Rac1 {White is slightly better.} Bf8 $146 ({Predecessor:} 13... g6 14. dxc5 bxc5 15. Ne1 Nb6 16. Nd3 Qc7 17. Nb5 Qd7 18. a4 Rec8 19. Bxf6 Bxf6 20. Nxc5 Qe7 21. b4 a6 22. a5 Nc4 23. Nxb7 axb5 24. Nc5 {1-0 (24) Ostojic,N (2460)-Savicevic,V (2270) Cetinje 1992}) 14. dxc5 Bxc5 {and if ...Ng4 works, Black does fine.} 15. Nd4 Rc8 16. Qd2 Ne5 17. Na4 Ne4 (17... Qd7 $14) 18. Bxe4 $1 $18 dxe4 19. Nxc5 Rxc5 20. Rxc5 e3 21. fxe3 bxc5 22. Nf5 {[%cal Bd4f5,Bf5d6,Bd6e4][%mdl 32]} Qf6 $2 (22... Qxd2 23. Rxd2 f6 24. Nxg7 Kxg7) 23. Nd6 Rd8 {[#]} 24. Ne4 $1 {[%mdl 512] Precision: White = 61%, Black = 14%.} 1-0

[Event "Swiss-Ch 2017"]
[Site "Graechen"]
[Date "2017.07.20"]
[Round "8"]
[White "Sokolov, Andrei"]
[Black "Demuth, Adrien"]
[Result "1/2-1/2"]
[WhiteElo "2519"]
[BlackElo "2558"]
[Annotator "TA"]
[PlyCount "38"]
[EventDate "2017.??.??"]
[EventCountry "SUI"]
[SourceTitle "playchess.com"]
[Source "ChessBase"]
[SourceQuality "1"]

1. e4 {Program Activation Required} c6 2. d4 d5 3. Nc3 dxe4 4. Nxe4 Bf5 5. Ng3 Bg6 6. h4 h6 7. Nf3 Nd7 8. h5 Bh7 9. Bd3 Bxd3 10. Qxd3 e6 11. Bf4 {NOTEXT:} Qa5+ $146 12. Bd2 Bb4 13. c3 Be7 14. c4 Qb6 15. O-O-O Ngf6 16. Kb1 O-O 17. Ne4 Rad8 18. Bc3 Qa6 19. Nxf6+ Nxf6 {0-1 (56) Dervishi,E (2564)-Eljanov,P (2739) Baku 2016} 1/2-1/2

[Event "Swiss-Ch 2017"]
[Site "Graechen"]
[Date "2017.07.20"]
[Round "8"]
[White "Gallagher, Joseph G"]
[Black "Jenni, Florian"]
[Result "1/2-1/2"]
[WhiteElo "2433"]
[BlackElo "2467"]
[Annotator "TA"]
[PlyCount "33"]
[EventDate "2017.??.??"]
[EventCountry "SUI"]
[SourceTitle "playchess.com"]
[Source "ChessBase"]
[SourceQuality "1"]

{[%evp 24,33,37,25,54,8,29,0,0,0,23,1]} 1. d4 Nf6 2. Nf3 e6 3. Bf4 c5 4. e3 cxd4 5. exd4 Be7 6. Bd3 O-O 7. O-O b6 8. h3 Bb7 9. Re1 a6 {A47: 1 d4 Nf6 2 Nf3 b6: Torre, London and Colle Systems} 10. a4 d6 11. Nbd2 Re8 12. c3 Nbd7 {[%cal Bb8d7,Bd7f8,Bf8g6][%mdl 32]} 13. Bg3 {LiveBook: 4 Games} (13. Bh2 Nf8 14. Nc4 Ng6 15. a5 b5 16. Nb6 Ra7 17. b3 Nd5 18. Nxd5 Bxd5 {1-0 (53) Kramnik,V (2777)-Duda,J (2658) Berlin 2015}) 13... Nf8 {[#]} 14. Qc2 $146 ({NOTEXT:} 14. Qb3 Ng6 15. Rac1 Nh5 16. Bh2 {½-½ (28) Appel,R (2541)-Swinkels,R (2451) Germany 2008}) 14... Ng6 15. Nh4 Nf8 16. Nhf3 Qc7 17. Bh4 1/2-1/2

[Event "Swiss-Ch 2017"]
[Site "Graechen"]
[Date "2017.07.20"]
[Round "8"]
[White "Gaehwiler, Gabriel"]
[Black "Baenziger, Fabian"]
[Result "0-1"]
[WhiteElo "2416"]
[BlackElo "2354"]
[Annotator "TA"]
[PlyCount "68"]
[EventDate "2017.??.??"]
[EventCountry "SUI"]
[SourceTitle "playchess.com"]
[Source "ChessBase"]
[SourceQuality "1"]

{[%evp 20,68,4,0,52,23,31,0,0,0,0,0,0,0,0,-31,-33,-26,0,-114,-120,-113,-107,-145,-153,-163,-154,-151,-172,-256,-237,-240,-133,-166,-178,-164,-158,-218,-216,-203,-208,-539,-520,-612,-612,-595,-585,-615,-612,-29986,-29987]} 1. e4 c5 2. Nf3 d6 3. d4 cxd4 4. Nxd4 Nf6 5. Nc3 Nc6 6. Bg5 e6 7. Qd2 Be7 8. O-O-O O-O 9. f4 h6 10. h4 Nxd4 11. Qxd4 b5 $146 {B65: Sicilian: Richter-Rauzer: 7...Be7 8 0-0-0 0-0 9 f4 Nxd4} (11... Qa5 $11) ({Predecessor:} 11... hxg5 12. hxg5 Ng4 13. Be2 e5 14. Qg1 exf4 15. Bxg4 Bxg4 16. Qh2 f5 17. g6 Bh4 18. Rd4 fxe4 19. Rxe4 Bh5 20. Qxh4 Qxh4 21. Rxh4 Bxg6 22. Rexf4 {½-½ (41) Yu,R (2571)-Popov,I (2653) China 2015}) 12. Bxf6 (12. Nxb5 hxg5 13. hxg5 Ng4 $15) 12... Bxf6 13. e5 dxe5 {The position is equal.} 14. Qe4 Qb6 $1 {Hoping for ...Bb7.} 15. Bd3 {[%csl Gd3][%cal Re4h7]} (15. Qxa8 $2 Bb7 $19) 15... g6 $1 {[%cal Bg7g6,Bg6g5][%mdl 32] White must now prevent ...Bb7.} 16. fxe5 (16. Qxa8 $2 {too greedy.} Bb7 $19) 16... Bg7 17. h5 (17. Qxa8 $2 {perishes.} Bb7 $19) 17... Bb7 18. Qe2 g5 19. Ne4 (19. Nxb5 $11 {keeps the balance.} Rac8 20. Nd6) 19... Bxe5 $17 20. Rhf1 {Black should prevent Nf6+.} Qc7 $36 {[%mdl 2048] Keeping White busy.} 21. Nf6+ Kg7 $1 22. Ng4 Bf4+ 23. Kb1 Rad8 {[%cal Ba8d8,Bd8d7,Bd7f7][%mdl 32]} 24. g3 (24. Bxb5 {was worth a try.} Rxd1+ 25. Rxd1) 24... Bxg3 $19 25. Rf6 {[#]} Rh8 (25... e5 $1 $19 {aiming for ...e4!} 26. Rxh6 {[#]} e4 $1 {[%mdl 512]} 27. Bxb5 Rxd1+ 28. Qxd1 Rd8) 26. Rdf1 {And now Bg6! would win.} Bf4 27. Bg6 Rd7 ({Wrong is} 27... fxg6 $2 28. Rxg6+ Kf8 29. Qxe6 $18) 28. Bxf7 (28. a3 $17 {might work better.}) 28... Rxf7 29. Rg6+ Kf8 {Strongly threatening ...Qc4.} 30. Rxe6 $2 (30. Nxh6 Rxh6 31. Rxh6) 30... Bd5 31. Re8+ Kg7 32. Rxh8 Kxh8 33. Qxb5 Qc4 {[%csl Gd5][%cal Rc4a2]} 34. Qe8+ Kg7 {Precision: White = 36%, Black = 64%.} 0-1

[Event "Swiss-Ch 2017"]
[Site "Graechen"]
[Date "2017.07.20"]
[Round "8"]
[White "Raetsky, Alexander"]
[Black "Sedina, Elena"]
[Result "1/2-1/2"]
[WhiteElo "2385"]
[BlackElo "2316"]
[Annotator "NA"]
[PlyCount "79"]
[EventDate "2017.??.??"]
[EventCountry "SUI"]
[SourceTitle "playchess.com"]
[Source "ChessBase"]
[SourceQuality "1"]
[TimeControl "40/5400+30:1800+30"]

1. c4 {[%emt 0:00:00]} c6 {[%emt 0:01:08]} 2. Nf3 {[%emt 0:01:14]} d5 {[%emt 0:00:20]} 3. e3 {[%emt 0:00:21]} Nf6 {[%emt 0:00:32]} 4. Nc3 {[%emt 0:00:11]} a6 {[%emt 0:16:18]} 5. d4 {[%emt 0:13:24]} Bf5 {[%emt 0:03:12]} 6. Bd2 {[%emt 0:07:50] D15: Slav Defence: 4 Nc3 a6 and gambit lines after 4 Nc3 dxc4} (6. Be2 e6 7. Nh4 Bg6 8. O-O Nbd7 9. g3 Be7 10. Nxg6 hxg6 11. Qc2 dxc4 12. Bxc4 Qa5 13. f3 c5 {½-½ (67) Svidler,P (2755)-Malakhov,V (2712) Sochi 2017}) 6... e6 {[%emt 0:05:44]} 7. c5 {[%emt 0:30:20]} Nbd7 {[%emt 0:11:21] LiveBook: 3 Games} 8. Be2 {[%emt 0:00:59]} Ne4 {[%emt 0:07:59]} 9. O-O {[%emt 0:01:12]} Nxd2 $146 {[%emt 0:23:27]} ({Predecessor:} 9... Be7 10. b4 Bf6 11. Qb3 O-O 12. Rfd1 e5 13. Nxe4 Bxe4 {1-0 (35) Socko,B (2621)-Pavlovic,M (2497) Biel 2006}) 10. Nxd2 {[%emt 0:01:59]} e5 {[%emt 0:05:12]} 11. e4 {[%emt 0:10:38]} exd4 {[%emt 0:01:24]} 12. Nxd5 {[%emt 0:00:12]} Be6 {[%emt 0:05:32]} 13. Nf4 {[%emt 0:03:45]} Bxc5 {[%emt 0:12:19]} 14. Nxe6 {[%emt 0:05:55]} fxe6 {[%emt 0:00:01]} 15. Qb3 {[%emt 0:14:03]} O-O {[%emt 0:00:11]} 16. Rac1 {[%emt 0:00:09]} Ba7 {[%emt 0:02:29]} 17. Bc4 {[%emt 0:02:16]} (17. Qxe6+ $11 {remains equal.} Kh8 18. Bd3) 17... Nc5 {[%emt 0:00:45]} 18. Qh3 $1 {[%emt 0:01:57]} Qg5 {[%emt 0:00:16]} 19. Nf3 {[%emt 0:01:00]} Qh6 {[%emt 0:01:11]} 20. Qxh6 {[%emt 0:00:48]} gxh6 {[%emt 0:00:01]} 21. Nxd4 {[%emt 0:01:01]} Kh8 {[%emt 0:00:33]} (21... Rae8 $11) 22. Nxe6 {[%emt 0:00:42]} Nxe6 {[%emt 0:00:39]} 23. Bxe6 {[%emt 0:00:01]} Rad8 {[%emt 0:00:18] [#]} 24. Rc2 $1 {[%emt 0:00:32]} Rd4 {[%emt 0:00:47]} 25. Bf5 {[%emt 0:00:26]} Rfd8 {[%emt 0:00:12]} 26. g3 $11 {[%emt 0:01:07]} Rd2 {[%emt 0:00:07]} 27. Rxd2 {[%emt 0:00:33]} Rxd2 {[%emt 0:00:01]} 28. b3 {[%emt 0:00:39]} Rxa2 {[%emt 0:00:14]} 29. Kg2 {[%emt 0:00:26]} Bd4 {[%emt 0:00:24]} 30. e5 {[%emt 0:00:38]} Bxe5 {[%emt 0:00:15]} 31. Rd1 {[%emt 0:00:05]} Kg7 {[%emt 0:01:43]} 32. Rd7+ {[%emt 0:00:16]} Kf6 {[%emt 0:00:02]} 33. Be4 {[%emt 0:00:13]} c5 {[%emt 0:01:48]} 34. Rxb7 {[%emt 0:01:15]} Bd4 {[%emt 0:00:05]} 35. Kh3 {[%emt 0:00:37]} Rxf2 {[%emt 0:00:08]} 36. Rxh7 {[%emt 0:00:31]} Ke5 {[%emt 0:00:34]} 37. Bb7 {[%emt 0:00:25]} Rf6 {[%emt 0:00:07]} 38. Kg4 {[%emt 0:00:38]} a5 {[%emt 0:00:34]} 39. Re7+ {[%emt 0:00:19]} Re6 {[%emt 0:00:13]} 40. Rxe6+ {[%emt 0:00:35]} 1/2-1/2

[Event "Swiss-Ch 2017"]
[Site "Graechen"]
[Date "2017.07.20"]
[Round "8"]
[White "Ekstroem, Roland"]
[Black "Filipovic, Branko"]
[Result "1/2-1/2"]
[WhiteElo "2376"]
[BlackElo "2423"]
[Annotator "TA"]
[PlyCount "94"]
[EventDate "2017.??.??"]
[EventCountry "SUI"]
[SourceTitle "playchess.com"]
[Source "ChessBase"]
[SourceQuality "1"]

{[%evp 9,94,-25,33,30,25,11,14,4,55,20,25,-6,32,29,19,24,27,23,20,23,74,77,103,111,99,24,29,0,26,22,22,22,17,0,8,0,10,-6,-7,-6,-14,-13,-15,-58,-43,-72,-72,-71,-65,-72,-72,-66,-72,-69,-61,-67,-70,-72,-55,-85,-69,-57,-27,-12,0,0,0,0,0,0,0,0,0,0,22,8,9,9,35,0,13,0,0,0,0,0,0]} 1. Nf3 d5 2. d4 e6 3. c4 a6 4. Qc2 (4. cxd5 exd5 5. Nc3 Nf6 6. Qb3 b5 7. Bg5 Be6 8. Qc2 Nbd7 9. e3 c5 10. dxc5 Bxc5 11. Bd3 h6 12. Bh4 Rc8 13. O-O O-O {½-½ (39) Gelfand,B (2728)-Mamedyarov,S (2800) Geneve 2017}) 4... Nf6 5. Bg5 Be7 ({Black should try} 5... dxc4 $1 $11 6. Qxc4 b5) 6. e3 $14 {D30: Queen's Gambit Declined: Systems without Nc3} O-O $146 ({Predecessor:} 6... h6 7. Bh4 O-O 8. Nc3 b6 9. cxd5 exd5 10. Bd3 c5 11. Bxf6 Bxf6 12. Nxd5 {1-0 (43) Ghosh,D (2569)-Ziatdinov,R (2291) Bhubaneswar 2017}) 7. Nbd2 (7. Bxf6 $5 Bxf6 8. Bd3 $11) 7... Nbd7 8. Rc1 c6 (8... dxc4 $11 9. Qxc4 (9. Bxc4 c5 $14) 9... Bd6) 9. a3 h6 10. Bf4 Nh5 11. Be5 f6 12. Bg3 Nxg3 13. hxg3 {Threatens to win with Rxh6!} f5 14. Bd3 Ra7 (14... Bd6 $11) 15. Nh4 $16 Qe8 16. cxd5 cxd5 17. Qc7 (17. Ndf3 $16) 17... Ra8 $11 18. Nhf3 (18. g4 $5) 18... Bd8 19. Qd6 Qe7 20. Qxe7 Bxe7 21. Ke2 Bd6 22. Rc2 Kf7 23. Rhc1 g5 {[%cal Bg7g5,Bg5g4][%mdl 32]} 24. Nb3 g4 25. Ne1 Nf6 26. Na5 Rb8 27. Rc3 Bd7 28. Rb3 Rfc8 29. Rxc8 Bxc8 30. Rc3 Bd7 31. Nb3 Ne4 32. Rc1 $1 Ke7 33. Bb1 Bb5+ 34. Nd3 b6 35. Ke1 Bc4 36. Nd2 Nxd2 37. Kxd2 a5 38. Rh1 Rh8 39. Ne5 Bxe5 40. dxe5 {[%mdl 4096] Endgame KRB-KRB} Bb5 41. Bd3 Bc6 42. f3 h5 43. Ke2 Be8 44. Rc1 Kd8 {The position is equal.} 45. f4 Rh7 46. Kd2 h4 47. gxh4 Rxh4 {Precision: White = 44%, Black = 64%.} 1/2-1/2

[Event "Swiss-Ch 2017"]
[Site "Graechen"]
[Date "2017.07.21"]
[Round "9"]
[White "Pelletier, Yannick"]
[Black "Gallagher, Joseph G"]
[Result "1/2-1/2"]
[WhiteElo "2529"]
[BlackElo "2433"]
[Annotator "TA"]
[PlyCount "46"]
[EventDate "2017.??.??"]
[EventCountry "SUI"]
[SourceTitle "playchess.com"]
[Source "ChessBase"]
[SourceQuality "1"]

{[%evp 26,27,0,0]} 1. d4 Nf6 2. c4 g6 3. Nc3 Bg7 4. e4 d6 5. Nf3 O-O 6. Be2 e5 7. dxe5 dxe5 8. Qxd8 Rxd8 9. Bg5 Re8 10. Nd5 Nxd5 11. cxd5 c6 12. Bc4 cxd5 13. Bxd5 Nd7 14. Nd2 {[#]} {Predecessor:} h6 $146 15. Be3 Nf6 16. Bb3 Be6 17. Bxe6 Rxe6 18. Rc1 Ng4 19. Bc5 Rc6 20. f3 Bf8 21. Nb3 Rac8 22. fxg4 Bxc5 23. Nxc5 Rxc5 {½-½ (59) Jankovic,A (2557)-Saric,I (2654) Porec 2016} 1/2-1/2

[Event "Swiss-Ch 2017"]
[Site "Graechen"]
[Date "2017.07.21"]
[Round "9"]
[White "Jenni, Florian"]
[Black "Ekstroem, Roland"]
[Result "0-1"]
[WhiteElo "2467"]
[BlackElo "2376"]
[Annotator "TA"]
[PlyCount "144"]
[EventDate "2017.??.??"]
[EventCountry "SUI"]
[SourceTitle "playchess.com"]
[Source "ChessBase"]
[SourceQuality "1"]

{[%evp 19,144,35,47,31,45,24,29,19,43,38,38,39,35,38,41,36,40,36,58,56,52,54,47,53,54,29,55,35,43,51,60,16,29,31,14,-8,10,0,27,27,27,24,45,33,23,21,14,10,10,-11,20,0,33,35,49,42,41,0,0,0,0,0,0,0,0,0,0,0,0,0,0,0,0,0,0,0,0,0,0,0,0,0,0,-8,-8,-8,0,-8,-8,-8,-8,-8,-8,-8,-8,-8,-8,-8,-8,-12798,-6214,-10027,-6643,-29962,-29967,-29974,-29976,-29976,-29976,-29976,-29977,-29976,-29975,-29975,-29976,-29974,-29970,-29962,-6058,-5111,-5089,-29983,-29984,-29983,-29984,-29984,-29985]} 1. e4 e5 2. Nf3 Nc6 3. Bb5 Nf6 4. d3 d6 5. O-O Bd7 6. Re1 g6 7. d4 Bg7 8. d5 Ne7 9. Bxd7+ Nxd7 10. c4 O-O 11. Nc3 {C60: Ruy Lopez: Unusual Black 3rd moves and 3...g6} h6 12. b4 a5 13. Ba3 $146 {White has an edge.} ({Predecessor:} 13. bxa5 Rxa5 14. a4 f5 15. Ba3 fxe4 16. Nxe4 Nf5 17. Bb4 Ra8 18. Qd3 Kh7 {½-½ (63) Kosintseva,T (2474)-Bologan,V (2658) Wijk aan Zee 2007}) 13... Kh7 14. bxa5 Rxa5 15. Bb4 Ra6 16. a4 {[%cal Ba2a4,Ba4a5][%mdl 32]} f5 17. Nd2 Ng8 18. Qc2 Rf7 19. a5 Bf8 20. Na4 fxe4 21. Nxe4 Ngf6 22. Ra3 Nxe4 23. Rxe4 Nf6 24. Re1 Qd7 25. Nc3 c5 26. dxc6 $1 Rxc6 27. Na4 Qf5 28. Qe2 Qg4 29. Qxg4 Nxg4 30. Nb6 h5 ({Much weaker is} 30... Rxf2 $6 31. h3 $18) 31. h3 Nh6 32. Rd1 Nf5 33. Rf3 Kg8 34. Bc3 Rc5 35. Rd5 Rxd5 36. Nxd5 Ne7 37. Nf6+ Kh8 38. c5 Nc6 39. cxd6 Bxd6 40. Ne4 Rxf3 41. gxf3 $11 {[%mdl 4096] Endgame KBN-KBN} Bc7 42. f4 $1 Bxa5 43. Bxa5 Nxa5 44. fxe5 {KN-KN} b5 45. Kf1 $1 Kg7 46. Ke2 Nc6 47. f4 Nd4+ 48. Ke3 Ne6 49. Nd2 h4 50. Nb3 g5 51. f5 Nf4 52. Nc5 Nxh3 {Threatens to win with ...Nf4.} 53. e6 Nf4 {[#] White must now prevent ...h3.} 54. Ne4 h3 {And now ...Kf8 would win.} (54... b4 $5 {[%cal Rb4b3]} 55. Kd4 (55. Nxg5 Nd5+ 56. Kd4 Nf6 $11) 55... Nh5 $15) 55. f6+ Kg6 56. e7 Nd5+ 57. Kf3 $132 {[%mdl 2048] White puts up resistance} Nc7 58. Nxg5 h2 59. e8=Q+ $4 {[%mdl 8192] [#]} (59. Kg2 $11 Kxf6 60. Nf3) 59... Nxe8 $19 60. Kg2 Nxf6 61. Ne6 Ng4 62. Nd4 b4 63. Nb3 Kf5 64. Nc5 Kf6 65. Kh1 Ke7 66. Nb3 Kd6 67. Kg2 Kd5 68. Nd2 Kd4 69. Nb3+ Kc3 70. Nc1 Kc2 {Black mates.} 71. Ne2 Ne3+ 72. Kxh2 Nf5 {Precision: White = 64%, Black = 79%.} 0-1

[Event "Swiss-Ch 2017"]
[Site "Graechen"]
[Date "2017.07.21"]
[Round "9"]
[White "Filipovic, Branko"]
[Black "Demuth, Adrien"]
[Result "1/2-1/2"]
[WhiteElo "2423"]
[BlackElo "2558"]
[Annotator "TA"]
[PlyCount "47"]
[EventDate "2017.??.??"]
[EventCountry "SUI"]
[SourceTitle "playchess.com"]
[Source "ChessBase"]
[SourceQuality "1"]

{[%evp 18,19,9,-1]} 1. Nf3 Nf6 2. g3 g6 3. b3 Bg7 4. Bb2 d6 {[%cal Bd7d6,Bd6d5,Bd5c4][%mdl 32]} 5. d4 c5 6. Bg2 cxd4 7. Nxd4 d5 8. c4 dxc4 9. O-O O-O 10. Na3 {LiveBook: 24 Games. A49: 1 d4 Nf6 2 Nf3 g6 3 g3: Anti-King's Indian systems} {Predecessor:} cxb3 $146 11. axb3 Nc6 12. Nxc6 bxc6 13. Nc4 Bf5 14. Na5 Qxd1 15. Rfxd1 Rfe8 16. Bxc6 Rab8 17. Bxe8 Nxe8 18. Bxg7 Kxg7 19. Nc6 Rxb3 20. Rxa7 Bc2 21. Rc1 Be4 22. Rxe7 Nd6 23. f3 Bf5 24. Nd4 {1-0 (24) Fressinet,L (2702)-Mikhalevski,V (2536) Berlin 2015} 1/2-1/2

[Event "Swiss-Ch 2017"]
[Site "Graechen"]
[Date "2017.07.21"]
[Round "9"]
[White "Arcuti, Davide"]
[Black "Raetsky, Alexander"]
[Result "1/2-1/2"]
[WhiteElo "2342"]
[BlackElo "2385"]
[Annotator "TA"]
[PlyCount "31"]
[EventDate "2017.??.??"]
[EventCountry "SUI"]
[SourceTitle "playchess.com"]
[Source "ChessBase"]
[SourceQuality "1"]

{[%evp 28,31,0,-8,0,-29]} 1. d4 d5 2. c4 dxc4 3. e3 c5 4. Bxc4 cxd4 5. Nf3 e6 6. exd4 Nf6 7. O-O Be7 8. Nc3 O-O 9. Qe2 Nc6 10. Rd1 Na5 11. Bd3 b6 12. Bg5 Bb7 13. Rac1 Rc8 14. Ne5 {D26: Queen's Gambit Accepted: 4 e3 e6 5 Bxc5 c5 sidelines} Nd5 (14... Nc6 15. Ba6 Bxa6 16. Qxa6 h6 17. Be3 Nb4 18. Qxa7 Bd6 19. a3 Nbd5 20. Nxd5 Nxd5 21. Rxc8 Qxc8 {1-0 (44) Fedoseev,V (2659)-Wojtaszek,R (2734) Berlin 2015}) 15. Bd2 {LiveBook: 4 Games} Bg5 16. Be4 $146 (16. Qh5 $5 {[%cal Rh5h7]} h6 17. Bxg5 Qxg5 18. Qxg5 hxg5 19. Nxd5 Bxd5 20. b4 $11) ({Predecessor:} 16. Qh5 h6 17. Bxg5 Qxg5 18. Qxg5 hxg5 19. Nxd5 Bxd5 20. Ba6 Rxc1 21. Rxc1 f6 {0-1 (50) Stachowiak,K (2440)-Rausis,I (2594) Czech Republic 2015}) 1/2-1/2

[Event "Swiss-Ch 2017"]
[Site "Graechen"]
[Date "2017.07.21"]
[Round "9"]
[White "Sedina, Elena"]
[Black "Georgescu, Lena"]
[Result "1/2-1/2"]
[WhiteElo "2267"]
[BlackElo "2239"]
[Annotator "TA"]
[PlyCount "27"]
[EventDate "2017.??.??"]
[EventCountry "SUI"]
[SourceTitle "playchess.com"]
[Source "ChessBase"]
[SourceQuality "1"]

{[%evp 22,27,8,8,39,20,34,-27]} 1. e4 c5 2. Nf3 e6 3. c3 Nf6 4. e5 Nd5 5. Bc4 d6 6. d4 cxd4 7. cxd4 Be7 8. O-O {B22: Sicilian: 2 c3} O-O 9. Bd2 b6 10. Qe2 Bb7 11. Nc3 Nxc3 12. Bxc3 {LiveBook: 18 Games} Qc7 $146 ({Predecessor:} 12... Nd7 13. Rfe1 dxe5 14. dxe5 Qc7 15. Nd4 a6 {0-1 (37) Zhigalko,S (2671)-Mareco,S (2635) Doha 2016}) 13. Rac1 Nd7 14. Bd3 ({Better is} 14. Bb4 $14 Rac8 15. Rfe1) 1/2-1/2